<?xml version="1.0" encoding="UTF-8"?>
<record
    xmlns:xsi="http://www.w3.org/2001/XMLSchema-instance"
    xsi:schemaLocation="http://www.loc.gov/MARC21/slim http://www.loc.gov/standards/marcxml/schema/MARC21slim.xsd"
    xmlns="http://www.loc.gov/MARC21/slim">

  <leader>00275nam a22001217a 4500</leader>
  <datafield tag="040" ind1=" " ind2=" ">
    <subfield code="c">HS</subfield>
  </datafield>
  <datafield tag="082" ind1=" " ind2=" ">
    <subfield code="a">307</subfield>
  </datafield>
  <datafield tag="100" ind1=" " ind2=" ">
    <subfield code="a">&#x1787;&#x17BD;&#x1784; &#x179F;&#x17BB;&#x1795;&#x179B;</subfield>
  </datafield>
  <datafield tag="245" ind1=" " ind2=" ">
    <subfield code="a">&#x17A2;&#x1797;&#x17B7;&#x179C;&#x178C;&#x17D2;&#x178D;&#x1793;&#x17CD;&#x1787;&#x1793;&#x1794;&#x1791;</subfield>
  </datafield>
  <datafield tag="260" ind1=" " ind2=" ">
    <subfield code="a">RUA</subfield>
    <subfield code="b">&#x1787;&#x17BD;&#x1784; &#x179F;&#x17BB;&#x1795;&#x179B;</subfield>
    <subfield code="c">NA</subfield>
  </datafield>
  <datafield tag="300" ind1=" " ind2=" ">
    <subfield code="a">71p;</subfield>
  </datafield>
  <datafield tag="942" ind1=" " ind2=" ">
    <subfield code="c">KB</subfield>
  </datafield>
  <datafield tag="999" ind1=" " ind2=" ">
    <subfield code="c">9328</subfield>
    <subfield code="d">9328</subfield>
  </datafield>
  <datafield tag="952" ind1=" " ind2=" ">
    <subfield code="0">0</subfield>
    <subfield code="1">0</subfield>
    <subfield code="4">0</subfield>
    <subfield code="6">307_000000000000000_&#x1787;&#x17BD;&#x1784;_NA_C198</subfield>
    <subfield code="7">0</subfield>
    <subfield code="9">51142</subfield>
    <subfield code="a">LBC</subfield>
    <subfield code="b">LBC</subfield>
    <subfield code="c">C072</subfield>
    <subfield code="d">2016-08-31</subfield>
    <subfield code="l">1</subfield>
    <subfield code="o">307 &#x1787;&#x17BD;&#x1784; NA C198</subfield>
    <subfield code="p">RUA44396</subfield>
    <subfield code="r">2017-08-18</subfield>
    <subfield code="s">2017-08-15</subfield>
    <subfield code="y">KB</subfield>
  </datafield>
  <datafield tag="952" ind1=" " ind2=" ">
    <subfield code="0">0</subfield>
    <subfield code="1">0</subfield>
    <subfield code="4">0</subfield>
    <subfield code="6">307_000000000000000_&#x1787;&#x17BD;&#x1784;_NA</subfield>
    <subfield code="7">0</subfield>
    <subfield code="9">51850</subfield>
    <subfield code="a">LBC</subfield>
    <subfield code="b">LBC</subfield>
    <subfield code="d">2016-09-07</subfield>
    <subfield code="o">307 &#x1787;&#x17BD;&#x1784; NA</subfield>
    <subfield code="p">&#x17AC;&#x17BC;&#x17B6;&#x17C6;&#x17E4;&#x17E2;&#x17E0;&#x17E9;&#x17E5;</subfield>
    <subfield code="r">2016-09-07</subfield>
    <subfield code="w">2016-09-07</subfield>
    <subfield code="y">KB</subfield>
  </datafield>
</record>
